| 000 | 01055nam a2200289 a 4500 | ||
|---|---|---|---|
| 001 | 000008575 | ||
| 005 | 20200929161351.0 | ||
| 008 | 090914s20042005dr a r 001 0 spa d | ||
| 020 | _z99934550881 | ||
| 040 |
_aDO-SdBNP _bspa _cBNPHU |
||
| 082 |
_a641.597293 _bM296c |
||
| 100 | 1 |
_aManzano de Ortiz, Mercedes _921800 |
|
| 245 | 1 | 0 |
_aCocinando con Chea de Ortiz / _cMercedes Manzano de Ortiz ; presentación Yolanda Valdez de Delmonte ; edición Montserrat Prats. |
| 260 |
_aSanto Domingo : _bCorripio, _c2004-2005. |
||
| 300 |
_av. : _bil. ; _c23 cm. |
||
| 500 | _aLa biblioteca posee el v. 3 y v.4 | ||
| 500 | _av. 3 Ensaladas, salsas y aderezos -- v. 4 Arroz para todos los gustos. | ||
| 590 | _aInventariado, 2018/BT | ||
| 650 | 4 |
_aCocina dominicana _9192 |
|
| 650 | 4 |
_aPreparación de alimentos _9193 |
|
| 650 | 4 |
_aEnsaladas _922973 |
|
| 650 | 4 |
_aSalsas _922974 |
|
| 650 | 4 |
_aArroz (cocina) _922158 |
|
| 700 | 1 | 2 |
_aPrats, Montserrat _eed. _922975 |
| 700 | 1 | 2 |
_aValdez de Delmonte, Yolanda _922159 |
| 910 | _aValidado. Control de calidad. MMOLINA | ||
| 999 |
_c8345 _d8345 |
||